| 000 | 01109nam a2200265Ia 4500 | ||
|---|---|---|---|
| 003 | OSt | ||
| 005 | 20221005104742.0 | ||
| 006 | a|||||r|||| 00| 0 | ||
| 007 | ta | ||
| 008 | 221004b |||||||| |||| 00| 0 hin d | ||
| 020 | _c180 | ||
| 024 | _a8829 | ||
| 037 |
_b20480, 08/01/2014, Hindi Madhyam Karyanvyan Nideshalye _cTextual |
||
| 040 |
_aCRL _cCRL _bhin |
||
| 041 |
_2hin _ahin |
||
| 082 | _aNR44:g(R5), 152N4 | ||
| 100 | _aभटनागर, मधुर लता | ||
| 245 | 0 | _aभारतीय संगीत का सौंदर्य विधान | |
| 246 | _aBhāratīya sangīt kā sauandarya vidhāna | ||
| 260 |
_aदिल्ली _bविश्वविद्यालय हिन्दी माध्यम कार्यान्वय निदेशालय भारत _c1994 |
||
| 300 |
_a253पृ0 _ccm. |
||
| 650 | _aल्थ्ल्त् क्ल्ज्ञ | ||
| 942 |
_hNR44:g(R5), 152N4 _cTEXL _2cc |
||
| 999 |
_c1013678 _d1013678 |
||